000
00343nam a2200133Ia 4500
008
151001s9999||||xx |||||||||||||| ||und||
100
_a
अभय परांजपे
245
_a
अविश्वसनीय
250
_a
1
260
_b
गिता एजन्सी
260
_c
2003
300
_a
181
365
_b
18
999
_c
984017
_d
984014